000
00290nam a22001337a 4500
008
170310b xxu||||| |||| 00| 0 eng d
020
_a
9781853173455
041
_a
eng
080
_a
616.5
100
_a
7
101
_a
SHM
245
_a
PHOTODAMAGED SKIN
_c
ORTONNE, J.P
942
_2
udc
_c
BK
999
_c
7627
_d
7627